| 000 | 00449cam a2200193ua 4500 | ||
|---|---|---|---|
| 001 | 2037 | ||
| 005 | 20260515113434.0 | ||
| 008 | 110811n ii |||gr||||Z||||||asm | ||
| 040 | _cMAIN | ||
| 082 | _a370.1 | ||
| 100 |
_aDeka, Birendra, _eAuthor. |
||
| 245 | 1 |
_aShiksha tattva _cby Birendra Deka |
|
| 250 | _a1st. | ||
| 260 |
_aGuahati: _bBanalata,991. |
||
| 300 |
_a392p: _c23cm. |
||
| 653 | _aEducation | ||
| 653 | _aShiksha tattva | ||
| 942 | _cBK | ||
| 999 |
_c1907 _d1907 |
||